[Event "IECC Swiss email"]
[Site "IECC email"]
[Date "2002.08.01"]
[Round "?"]
[White "Stewart, Alex J"]
[Black "Zillmer, Jim"]
[Result "0-1"]
[WhiteElo "1445"]
[BlackElo "1688"]
[PlyCount "66"]
[EventDate "2002.??.??"]
[EventType "tourn (corr)"]
[EventRounds "6"]
[SourceTitle "Corr 2008"]
[Source "ChessBase"]
[SourceDate "2008.06.24"]
[SourceVersion "1"]
[SourceVersionDate "2008.06.24"]
[SourceQuality "1"]

1. d4 f5 2. c4 Nf6 3. g3 g6 4. Bg2 Bg7 5. Nh3 Nc6 6. 0-0 0-0 7. Nc3 d6 8. e4 Nxe4 9. Nxe4 fxe4 10. Be3 e5 11. d5 Nd4 12. Ng5 Nf3+ 13. Nxf3 Bg4 14. Qd2 exf3 15. Bh1 Bh3 16. Rfe1 a5 17. Bh6 Qf6 18. Bxg7 Kxg7 19. Re3 Bg4 20. Rc1 Rf7 21. Rcc3 b6 22. h3 Bxh3 23. Rxf3 Qe7 24. Rxf7+ Qxf7 25. Qg5 h6 26. Qh4 Bf5 27. b3 Rf8 28. Bg2 g5 29. Qh2 Bd3 30. Bh3 Qf3 31. Rc1 e4 32. Re1 e3 33. fxe3 g4 0-1

[Event "IECC TH-M email"]
[Site "IECC email"]
[Date "2002.04.07"]
[Round "?"]
[White "Zillmer, Jim"]
[Black "Hutton, Andrew D"]
[Result "1/2-1/2"]
[WhiteElo "1694"]
[BlackElo "1314"]
[PlyCount "78"]
[EventDate "2002.??.??"]
[EventType "match (corr)"]
[EventRounds "2"]
[SourceTitle "Corr 2008"]
[Source "ChessBase"]
[SourceDate "2008.06.24"]
[SourceVersion "1"]
[SourceVersionDate "2008.06.24"]
[SourceQuality "1"]

1. e4 e5 2. Nc3 Nc6 3. Bc4 Nf6 4. d3 Bb4 5. Bg5 h6 6. Bxf6 Bxc3+ 7. bxc3 Qxf6 8. Ne2 0-0 9. 0-0 d6 10. Ng3 Bd7 11. Bd5 Na5 12. a3 c6 13. Ba2 b5 14. Qd2 Nb7 15. f4 Qe7 16. f5 Qg5 17. Qxg5 hxg5 18. Kf2 Nc5 19. Kf3 Na4 20. Ne2 Nb6 21. Bb3 a5 22. c4 a4 23. Ba2 bxc4 24. Bxc4 Nxc4 25. dxc4 c5 26. Rfd1 Ra6 27. Nc3 Rd8 28. Nb5 Bxb5 29. cxb5 Rb6 30. c4 f6 31. Rh1 g6 32. fxg6 d5 33. exd5 f5 34. Raf1 Kg7 35. g4 e4+ 36. Ke3 f4+ 37. Kxe4 Kxg6 38. Rf3 Re8+ 39. Kd3 Rb7 1/2-1/2

[Event "IECG TE.2002.P.01009 email"]
[Site "IECG email"]
[Date "2002.03.28"]
[Round "?"]
[White "Pramanik, Projjwal"]
[Black "Zillmer, Jim"]
[Result "0-1"]
[WhiteElo "1898"]
[BlackElo "1459"]
[PlyCount "58"]
[EventDate "2002.03.28"]
[EventType "tourn (corr)"]
[EventRounds "12"]
[SourceTitle "Corr 2008"]
[Source "ChessBase"]
[SourceDate "2008.06.24"]
[SourceVersion "1"]
[SourceVersionDate "2008.06.24"]
[SourceQuality "1"]

1. e4 e5 2. Nf3 Nc6 3. Bb5 Bc5 4. c3 f5 5. Bxc6 dxc6 6. Nxe5 Nf6 7. d4 Bd6 8. exf5 Bxf5 9. Qb3 Bxe5 10. dxe5 Ng4 11. f3 Qe7 12. fxg4 Qxe5+ 13. Kf2 Rf8 14. Nd2 Be6+ 15. Nf3 Bxb3 16. Re1 Qxe1+ 17. Kxe1 Bd5 18. Kf2 0-0-0 19. Be3 a6 20. Kg3 Rfe8 21. Bd4 g6 22. Bf6 Rd6 23. Bd4 Re2 24. b3 Rde6 25. c4 Be4 26. a3 Bxf3 27. gxf3 Rd2 28. Bg1 Rd3 29. Rb1 Rf6 0-1

[Event "IECG TE.2002.P.01009 email"]
[Site "IECG email"]
[Date "2002.03.28"]
[Round "?"]
[White "Ronda, Achille"]
[Black "Zillmer, Jim"]
[Result "1-0"]
[WhiteElo "895"]
[BlackElo "1459"]
[PlyCount "73"]
[EventDate "2002.03.28"]
[EventType "tourn (corr)"]
[EventRounds "12"]
[SourceTitle "Corr 2008"]
[Source "ChessBase"]
[SourceDate "2008.06.24"]
[SourceVersion "1"]
[SourceVersionDate "2008.06.24"]
[SourceQuality "1"]

1. e4 e5 2. Nf3 Nc6 3. Bb5 Bc5 4. c3 Nge7 5. d4 exd4 6. cxd4 Bb4+ 7. Bd2 Bxd2+ 8. Qxd2 a6 9. Ba4 d5 10. exd5 Qxd5 11. Nc3 Qe6+ 12. Qe3 Qxe3+ 13. fxe3 b5 14. Bb3 0-0 15. Nd5 Ra7 16. Ne5 Be6 17. Nxe7+ Nxe7 18. Bxe6 fxe6 19. Rc1 Nd5 20. Ke2 Rf6 21. Rc6 Nb4 22. Rc5 Rb7 23. Rhc1 Nxa2 24. R1c2 Nb4 25. Rxc7 Rb8 26. Nd7 Nxc2 27. Nxb8 Nb4 28. Nd7 Rh6 29. h3 Nd5 30. Rc8+ Kf7 31. Ne5+ Ke7 32. Rg8 g5 33. Rxg5 Kf8 34. Nd3 Rg6 35. Nc5 Nc7 36. Rxg6 hxg6 37. b4 1-0

[Event "IECG TE.2002.P.01019 email"]
[Site "IECG email"]
[Date "2002.03.28"]
[Round "?"]
[White "Van Venetie, Koen"]
[Black "Zillmer, Jim"]
[Result "1-0"]
[WhiteElo "2000"]
[BlackElo "1459"]
[PlyCount "47"]
[EventDate "2002.03.28"]
[EventType "tourn (corr)"]
[EventRounds "12"]
[SourceTitle "Corr 2008"]
[Source "ChessBase"]
[SourceDate "2008.06.24"]
[SourceVersion "1"]
[SourceVersionDate "2008.06.24"]
[SourceQuality "1"]

1. e4 e5 2. Nf3 Nc6 3. Bb5 Bc5 4. c3 f5 5. d4 exd4 6. exf5 a6 7. Bxc6 dxc6 8. cxd4 Qe7+ 9. Ne5 Bb4+ 10. Nc3 Bxf5 11. 0-0 Nf6 12. Re1 Be6 13. Nf3 h6 14. Ne5 0-0-0 15. Ng6 Qd7 16. Nxh8 Rxh8 17. Bf4 g5 18. Be5 Rf8 19. a3 Bd6 20. Qe2 Bb3 21. Bxf6 Rxf6 22. Qe8+ Qd8 23. Qxd8+ Kxd8 24. Ne4 1-0

[Event "IECG TE.2002.P.01009 email"]
[Site "IECG email"]
[Date "2002.03.28"]
[Round "?"]
[White "Zillmer, Jim"]
[Black "Pramanik, Projjwal"]
[Result "1-0"]
[WhiteElo "1459"]
[BlackElo "1898"]
[PlyCount "53"]
[EventDate "2002.03.28"]
[EventType "tourn (corr)"]
[EventRounds "12"]
[SourceTitle "Corr 2008"]
[Source "ChessBase"]
[SourceDate "2008.06.24"]
[SourceVersion "1"]
[SourceVersionDate "2008.06.24"]
[SourceQuality "1"]

1. e4 e5 2. Nf3 Nc6 3. Bb5 Bc5 4. 0-0 Nf6 5. c3 Nxe4 6. Qe2 Nf6 7. d4 Be7 8. dxe5 Nd5 9. Rd1 Nb6 10. a4 a5 11. Nbd2 0-0 12. Ne4 Na7 13. Bd3 h6 14. Nf6+ Bxf6 15. Qe4 g6 16. exf6 h5 17. Qe5 d6 18. Qg5 Nd7 19. Bxg6 Qxf6 20. Bxh5+ Qxg5 21. Bxg5 b6 22. Re1 Kg7 23. Nd4 Ne5 24. f4 Rh8 25. Bd1 Nd3 26. Re7 c5 27. Bf3 1-0

[Event "IECG TE.2002.P.01019 email"]
[Site "IECG email"]
[Date "2002.03.28"]
[Round "?"]
[White "Zillmer, Jim"]
[Black "Rubio Fernaz, Santiago"]
[Result "1-0"]
[WhiteElo "1459"]
[BlackElo "1493"]
[PlyCount "51"]
[EventDate "2002.03.28"]
[EventType "tourn (corr)"]
[EventRounds "12"]
[SourceTitle "Corr 2008"]
[Source "ChessBase"]
[SourceDate "2008.06.24"]
[SourceVersion "1"]
[SourceVersionDate "2008.06.24"]
[SourceQuality "1"]

1. e4 e5 2. Nf3 Nc6 3. Bb5 Bc5 4. 0-0 d6 5. c3 Bd7 6. d4 Bb6 7. Na3 Nge7 8. Nc4 0-0 9. a4 exd4 10. cxd4 Bg4 11. Nxb6 axb6 12. Ra3 d5 13. Re1 dxe4 14. Rxe4 Bf5 15. Re1 Ng6 16. Bxc6 bxc6 17. Rc3 Qd7 18. b3 Rfe8 19. Rce3 Rxe3 20. Bxe3 Rd8 21. Nd2 Qd5 22. Qf3 Be6 23. Qxd5 Bxd5 24. f3 f5 25. Bg5 Ra8 26. g3 1-0

[Event "IECC Swiss email"]
[Site "IECC email"]
[Date "2002.01.30"]
[Round "?"]
[White "Zillmer, Jim"]
[Black "Persson, Sven Erik"]
[Result "1-0"]
[WhiteElo "1555"]
[BlackElo "1441"]
[PlyCount "83"]
[EventDate "2002.??.??"]
[EventType "tourn (corr)"]
[EventRounds "6"]
[SourceTitle "Corr 2008"]
[Source "ChessBase"]
[SourceDate "2008.06.24"]
[SourceVersion "1"]
[SourceVersionDate "2008.06.24"]
[SourceQuality "1"]

1. e4 Nf6 2. e5 Nd5 3. d4 d6 4. Nf3 Bg4 5. Be2 e6 6. 0-0 Be7 7. c4 Nb6 8. Nc3 N8d7 9. exd6 cxd6 10. b3 0-0 11. Be3 a6 12. Qc2 Nf6 13. h3 Bh5 14. Bf4 Rc8 15. Bd3 Bxf3 16. gxf3 Nbd7 17. Kh1 e5 18. dxe5 dxe5 19. Be3 Qc7 20. Rg1 Kh8 21. Rg3 Nh5 22. Rg2 Ndf6 23. Bf5 Rcd8 24. Qb2 g6 25. Be4 Rd7 26. Rag1 Nxe4 27. fxe4 Nf6 28. Nd5 Nxd5 29. cxd5 Rc8 30. Rc1 Qb8 31. Rxc8+ Qxc8 32. Qxe5+ f6 33. Qd4 Qc2 34. f4 Qb1+ 35. Kh2 Kg7 36. e5 Qf5 37. d6 Qe6 38. f5 Qg8 39. fxg6 hxg6 40. Rxg6+ Kxg6 41. Qg4+ Kf7 42. e6+ 1-0

[Event "IECC Swiss email"]
[Site "IECC email"]
[Date "2001.05.02"]
[Round "?"]
[White "Nowicki, Andrzej"]
[Black "Zillmer, Jim"]
[Result "1-0"]
[WhiteElo "1895"]
[BlackElo "1496"]
[PlyCount "65"]
[EventDate "2001.??.??"]
[EventType "tourn (corr)"]
[EventRounds "6"]
[SourceTitle "Corr 2008"]
[Source "ChessBase"]
[SourceDate "2008.06.24"]
[SourceVersion "1"]
[SourceVersionDate "2008.06.24"]
[SourceQuality "1"]

1. e4 Nf6 2. e5 Nd5 3. d4 Nb6 4. c4 d6 5. Nf3 Bg4 6. h3 Bh5 7. g4 Bg6 8. Nc3 e6 9. Bg5 Be7 10. Bxe7 Qxe7 11. a4 dxe5 12. Nxe5 Qb4 13. Ra3 Nc6 14. Rb3 Qe7 15. Nxc6 bxc6 16. a5 Nd7 17. Bg2 0-0 18. 0-0 Rab8 19. Bxc6 Rxb3 20. Qxb3 Rb8 21. Qa2 Qd6 22. Bxd7 Qxd7 23. Rd1 Bc2 24. Rd2 Bb3 25. Qa3 Qc6 26. Qc5 Qxc5 27. dxc5 Bxc4 28. Rd7 Rc8 29. Rd4 Ba6 30. b4 Kf8 31. b5 Bb7 32. c6 Ba8 33. a6 1-0

[Event "IECC Swiss email"]
[Site "IECC email"]
[Date "2001.04.09"]
[Round "?"]
[White "Jobe, Tom B"]
[Black "Zillmer, Jim"]
[Result "1-0"]
[WhiteElo "1795"]
[BlackElo "1488"]
[PlyCount "37"]
[EventDate "2001.??.??"]
[EventType "tourn (corr)"]
[EventRounds "6"]
[SourceTitle "Corr 2008"]
[Source "ChessBase"]
[SourceDate "2008.06.24"]
[SourceVersion "1"]
[SourceVersionDate "2008.06.24"]
[SourceQuality "1"]

1. e4 Nf6 2. e5 Nd5 3. d4 Nb6 4. a4 a5 5. Nf3 d5 6. Bd3 Bg4 7. h3 Bh5 8. g4 Bg6 9. e6 Nc6 10. Nc3 Bxd3 11. exf7+ Kxf7 12. Qxd3 e6 13. Ng5+ Kg8 14. Be3 Qf6 15. 0-0-0 h6 16. h4 Nb4 17. Qe2 hxg5 18. hxg5 Qf3 19. Qxf3 1-0

[Event "IECC Swiss email"]
[Site "IECC email"]
[Date "2000.12.21"]
[Round "?"]
[White "Torwong, Peerapol"]
[Black "Zillmer, Jim"]
[Result "1/2-1/2"]
[WhiteElo "1689"]
[BlackElo "1437"]
[PlyCount "71"]
[EventDate "2000.??.??"]
[EventType "tourn (corr)"]
[EventRounds "6"]
[SourceTitle "Corr 2008"]
[Source "ChessBase"]
[SourceDate "2008.06.24"]
[SourceVersion "1"]
[SourceVersionDate "2008.06.24"]
[SourceQuality "1"]

1. d4 g6 2. e4 Bg7 3. Nc3 d6 4. Nf3 Nf6 5. Be2 0-0 6. 0-0 c6 7. Re1 Nbd7 8. e5 dxe5 9. dxe5 Ng4 10. e6 fxe6 11. h3 Nge5 12. Nxe5 Nxe5 13. Qxd8 Rxd8 14. Bg5 Kf8 15. Rad1 Rxd1 16. Rxd1 Nf7 17. Bd2 Nd6 18. Bd3 e5 19. Ne4 Bf5 20. f3 Nxe4 21. fxe4 Be6 22. a4 Rd8 23. Be3 Ke8 24. a5 a6 25. Kf2 Bf6 26. b3 h5 27. c4 Bh4+ 28. Ke2 g5 29. Rg1 g4 30. Bb6 Rd7 31. g3 Bf6 32. h4 Bf7 33. Rf1 Bg6 34. b4 Kf7 35. b5 e6 36. Ke3 1/2-1/2

[Event "IECC CL5-2000.34"]
[Site "IECC email"]
[Date "2000.10.27"]
[Round "?"]
[White "Gould, Michael"]
[Black "Zillmer, Jim"]
[Result "1-0"]
[WhiteElo "1600"]
[BlackElo "1460"]
[PlyCount "67"]
[EventDate "2000.??.??"]
[EventType "tourn (corr)"]
[EventRounds "4"]
[SourceTitle "Corr 2008"]
[Source "ChessBase"]
[SourceDate "2008.06.24"]
[SourceVersion "1"]
[SourceVersionDate "2008.06.24"]
[SourceQuality "1"]

1. e4 Nf6 2. e5 Nd5 3. Nf3 d6 4. d4 Nb6 5. Be2 g6 6. exd6 cxd6 7. c4 Bg7 8. Nc3 0-0 9. Be3 Nc6 10. d5 Ne5 11. Nxe5 Bxe5 12. h4 Bxc3+ 13. bxc3 Qc7 14. Qd4 Re8 15. h5 Bf5 16. 0-0-0 e5 17. dxe6 Rxe6 18. Bh6 f6 19. Be3 Qc5 20. Kb2 Qc6 21. hxg6 Bxg6 22. Ka1 Qxg2 23. Rdg1 Qe4 24. Bd3 Qxd4 25. Bxd4 Kf7 26. Bxg6+ hxg6 27. Rh7+ Kg8 28. Rxb7 g5 29. f4 Rae8 30. Bxb6 Re1+ 31. Rxe1 Rxe1+ 32. Kb2 axb6 33. fxg5 fxg5 34. Rxb6 1-0

[Event "IECG CP.2000.P.00082"]
[Site "IECG email"]
[Date "2000.10.01"]
[Round "?"]
[White "Zillmer, Jim"]
[Black "Sampaio Vianna Braga, Carlos Fernando"]
[Result "0-1"]
[WhiteElo "1470"]
[BlackElo "950"]
[PlyCount "40"]
[EventDate "2000.10.01"]
[EventType "tourn (corr)"]
[EventRounds "6"]
[EventCountry "ESP"]
[SourceTitle "Corr 2008"]
[Source "ChessBase"]
[SourceDate "2008.06.24"]
[SourceVersion "1"]
[SourceVersionDate "2008.06.24"]
[SourceQuality "1"]

1. e4 g6 2. d4 Bg7 3. Nc3 d6 4. Be3 a6 5. Qd2 Nd7 6. Nf3 Ngf6 7. Bh6 Bxh6 8. Qxh6 c5 9. Bc4 b5 10. Bd5 Nxd5 11. Nxd5 e6 12. Qg7 Rf8 13. Ne3 Bb7 14. d5 Qf6 15. Qxf6 Nxf6 16. dxe6 fxe6 17. Ng5 Nxe4 18. Nxe6 Rf7 19. f3 Kd7 20. Nc7 Kxc7 0-1

[Event "IECC CL6-2000.30"]
[Site "IECC email"]
[Date "2000.09.15"]
[Round "?"]
[White "Wey, Geoffrey"]
[Black "Zillmer, Jim"]
[Result "0-1"]
[WhiteElo "1355"]
[BlackElo "1422"]
[PlyCount "36"]
[EventDate "2000.??.??"]
[EventType "tourn (corr)"]
[EventRounds "4"]
[SourceTitle "Corr 2008"]
[Source "ChessBase"]
[SourceDate "2008.06.24"]
[SourceVersion "1"]
[SourceVersionDate "2008.06.24"]
[SourceQuality "1"]

1. d4 g6 2. c4 Bg7 3. Nf3 c5 4. e4 cxd4 5. Nxd4 Nc6 6. Nf3 Nf6 7. Nc3 d6 8. Be2 0-0 9. 0-0 Bg4 10. Qc2 Bxf3 11. Bxf3 Nd4 12. Qd3 Nd7 13. Ne2 Ne5 14. Qe3 Nc2 15. Qc3 Nxa1 16. Rd1 Nxf3+ 17. Qxf3 Qa5 18. a3 Qa4 0-1

[Event "IECC CL6-2000.30"]
[Site "IECC email"]
[Date "2000.09.15"]
[Round "?"]
[White "Zillmer, Jim"]
[Black "Da Silva, Helder"]
[Result "1-0"]
[WhiteElo "1431"]
[BlackElo "1256"]
[PlyCount "59"]
[EventDate "2000.??.??"]
[EventType "tourn (corr)"]
[EventRounds "4"]
[SourceTitle "Corr 2008"]
[Source "ChessBase"]
[SourceDate "2008.06.24"]
[SourceVersion "1"]
[SourceVersionDate "2008.06.24"]
[SourceQuality "1"]

1. e4 c6 2. d4 d5 3. exd5 cxd5 4. c4 Nf6 5. Nc3 e6 6. Nf3 Be7 7. Bd3 0-0 8. 0-0 Nc6 9. a3 a5 10. b3 b6 11. Bf4 Ba6 12. Re1 Rc8 13. cxd5 Bxd3 14. dxc6 Ba6 15. Ne5 Bd6 16. Qf3 Bxe5 17. Bxe5 Ne8 18. d5 exd5 19. Nxd5 f6 20. Bf4 Rf7 21. Rad1 f5 22. c7 Qh4 23. Nxb6 Nxc7 24. Nxc8 Bxc8 25. Bxc7 Rf8 26. Bd6 Qf6 27. Bxf8 Kxf8 28. Qa8 Kf7 29. Qxc8 h6 30. Qe8# 1-0

[Event "IECC Swiss email"]
[Site "IECC email"]
[Date "2000.08.30"]
[Round "?"]
[White "Zillmer, Jim"]
[Black "Gajic, Zoran"]
[Result "0-1"]
[WhiteElo "1398"]
[BlackElo "1880"]
[PlyCount "38"]
[EventDate "2000.??.??"]
[EventType "tourn (corr)"]
[EventRounds "6"]
[SourceTitle "Corr 2008"]
[Source "ChessBase"]
[SourceDate "2008.06.24"]
[SourceVersion "1"]
[SourceVersionDate "2008.06.24"]
[SourceQuality "1"]

1. e4 Nc6 2. Nf3 e5 3. Bb5 Bc5 4. c3 f5 5. d4 fxe4 6. Bxc6 dxc6 7. Nxe5 Bd6 8. Qh5+ g6 9. Nxg6 Nf6 10. Qh6 Rg8 11. Nh4 Bf8 12. Qe3 Qe7 13. Qe2 Bg4 14. Qc2 0-0-0 15. h3 Be6 16. a3 Qf7 17. b4 Be7 18. g3 Nh5 19. Ng2 Qf3 0-1

[Event "IECC M email"]
[Site "IECC email"]
[Date "2000.07.03"]
[Round "?"]
[White "Zillmer, Jim"]
[Black "White, Keith L"]
[Result "1/2-1/2"]
[WhiteElo "1379"]
[BlackElo "1224"]
[PlyCount "37"]
[EventDate "2000.??.??"]
[EventType "tourn (corr)"]
[EventRounds "2"]
[SourceTitle "Corr 2008"]
[Source "ChessBase"]
[SourceDate "2008.06.24"]
[SourceVersion "1"]
[SourceVersionDate "2008.06.24"]
[SourceQuality "1"]

1. e4 c6 2. d4 d5 3. exd5 cxd5 4. c4 Nf6 5. Nc3 Nc6 6. Bg5 e6 7. Nf3 Be7 8. c5 Ne4 9. Bxe7 Qxe7 10. Bb5 Nxc3 11. bxc3 Bd7 12. 0-0 0-0 13. Rb1 Rfb8 14. Qd2 b6 15. Qf4 Qe8 16. Ba6 Bc8 17. Bb5 Bd7 18. Ba6 Bc8 19. Bb5 1/2-1/2

[Event "IECC Swiss email"]
[Site "IECC email"]
[Date "2000.06.24"]
[Round "?"]
[White "Zillmer, Jim"]
[Black "Leskovar, Matias A"]
[Result "0-1"]
[WhiteElo "1380"]
[BlackElo "2101"]
[PlyCount "40"]
[EventDate "2000.??.??"]
[EventType "tourn (corr)"]
[EventRounds "6"]
[SourceTitle "Corr 2008"]
[Source "ChessBase"]
[SourceDate "2008.06.24"]
[SourceVersion "1"]
[SourceVersionDate "2008.06.24"]
[SourceQuality "1"]

1. e4 e5 2. Nf3 Nc6 3. d4 exd4 4. Nxd4 Bc5 5. Be3 Qf6 6. c3 Nge7 7. g3 d5 8. Bg2 dxe4 9. Nb5 Bxe3 10. Nxc7+ Kf8 11. 0-0 Rb8 12. fxe3 Qe5 13. Qb3 f5 14. Nb5 Be6 15. Qa4 g6 16. Nd2 Kg7 17. Nd4 h5 18. Nxe6+ Qxe6 19. Nb3 h4 20. g4 h3 0-1

[Event "IECC CL6-2000.22"]
[Site "IECC email"]
[Date "2000.06.22"]
[Round "?"]
[White "Zillmer, Jim"]
[Black "Van Eijk, Jelle H"]
[Result "1-0"]
[WhiteElo "1403"]
[BlackElo "1365"]
[PlyCount "25"]
[EventDate "2000.??.??"]
[EventType "tourn (corr)"]
[EventRounds "4"]
[SourceTitle "Corr 2008"]
[Source "ChessBase"]
[SourceDate "2008.06.24"]
[SourceVersion "1"]
[SourceVersionDate "2008.06.24"]
[SourceQuality "1"]

1. e4 e5 2. Nf3 Nc6 3. Bb5 f5 4. Nc3 fxe4 5. Nxe4 d5 6. Nxe5 dxe4 7. Nxc6 Qg5 8. Qe2 Nf6 9. Nxa7+ Bd7 10. Bxd7+ Nxd7 11. f4 Qxf4 12. d4 Qh4+ 13. g3 1-0